Δύο συλλογές σμίγουν = two collections meet

Αποθηκεύτηκε σε:
Λεπτομέρειες βιβλιογραφικής εγγραφής
Συγγραφή απο Οργανισμό/Αρχή: Μουσείο Βυζαντινού Πολιτισμού
Άλλοι συγγραφείς: Τσιλιπάκου, Αγαθονίκη, 1966- (edtf)
Μορφή: Βιβλίο
Γλώσσα:Greek
English
Δημοσίευση: Θεσσαλονίκη : Μουσείο Βυζαντινού Πολιτισμού, 2020.
Θέματα:
Ετικέτες: Προσθήκη ετικέτας
Δεν υπάρχουν, Καταχωρήστε ετικέτα πρώτοι!

MARC

LEADER 00000cam a2200000 a 4500
001 1/123134
008 210603s2020####gr | ||| |||| ||gre||
020 |a 9786185251079 
040 |a GR-MyUa  |b gre  |c GR-MyUa  |e AACR2 
041 1 |a eng  |h gre 
041 1 |a gre  |h eng 
082 7 |a 704.948   |2 (23) 
110 2 |a Μουσείο Βυζαντινού Πολιτισμού. 
245 1 0 |a Δύο συλλογές σμίγουν =   |b two collections meet /   |c Μουσείο Βυζαντινού Πολιτισμού ; επιμέλεια: Τσιλιπάκου Αγαθονίκη ... [κ.ά.]. 
246 1 |a Two collections meet.  
260 |a Θεσσαλονίκη :   |b Μουσείο Βυζαντινού Πολιτισμού,   |c 2020.  
300 |a 134 σ. :   |b έγχρ. εικ., φωτ. ;   |c 30 εκ.  
500 |a Παράλληλα κείμενα στα ελληνικά και αγγλικά.  
504 |a Βιβλιογραφία : σ. 132-134.  
650 0 |a Christian art and symbolism  |z Greece  |x Exhibitions. 
650 0 |a Icons, Byzantine  |x Exhibitions. 
650 0 |a Icons, Greek  |x Exhibitions. 
651 0 |a Thessalonike (Greece) 
700 1 |a Τσιλιπάκου, Αγαθονίκη,  |d 1966-  |e edtf 
852 |a INST  |b RHODES  |e 20210603  |h 704.948 ΜΟΥ  |p 005400042159  |q 005400042159  |t BK  |y 0 
970 |z 03-06-2021